000 00347nam a2200121Ia 4500
008 220204s9999 xx 000 0 und d
082 _a537.363
_bDEY
245 0 _aElectrophoresis: A survey of techniques and applications. Pt B. Applications
260 _aAmsterdam
_bElsevier
_c1983
650 _aElectrophoresis
700 _aDeyl, Z
942 _cBK
999 _c39366
_d39366